000 02025nam a2200301 4500
001 0000031585
003 co-ctgcurn
005 20250329165503.0
008 161103s2023 000 0 eng d
040 _aCO-CtgCURN
_bspa
_ccoctgcurn
082 0 _aODO 2023
_bG633
100 1 _aGómez Ortíz, Gym Geanny.
245 1 0 _aPercepción de la educación virtual en estudiantes de Odontología de la Corporación Universitaria Rafael Núñez /
_cGym Geanny Gómez Ortíz; Brigitte Gutiérrez Carbono; Juan Carlos Vásquez Velasco; investigador principal: Carlos A. Leal Acosta.
260 _aCartagena de Indias, D.T. :
_bCorporación Universitaria "Rafael Nuñez",
_c2023.
300 _a78 hojas.
336 _2rdacontent
337 _2rdamedia
_asin mediacion
_bn
338 _2rdacarrier
_avolumen
_bnc
502 _aTrabajo de grado (Odontologa). Corporación Universitaria "Rafael Nuñez" Facultad de Ciencias de la Salud. Programa de Odontoologia, 2023.
520 _a"El gran desarrollo que han tenido las tecnologías ha venido impactado a las sociedades, este efecto de choque en el quehacer diario ha sido muy marcado. Por medio de un dispositivo electrónico las personas pueden comunicarse desde cualquier lugar del mundo y en tiempo real obtener información. Las tecnologías de la comunicación y de la información ha modificado la actitud de las nuevas generaciones creando una brecha con las anteriores donde el mundo no estaba tan intercomunicado y globalizado como lo es en el momento actual."
650 0 _aOdontologia
_xTesis y Disertaciones academicas.
700 1 _aVásquez Velasco, Juan Carlos.
700 1 _aGutiérrez Carbono, Brigitte.
700 1 _aLeal Acosta, Carlos A.,
_einvestigador principal.
856 _uhttps://unicurn.sharepoint.com/:b:/s/biblioteca/EfV_YMNYcL5JiPDz4GqMOI8BnPQR3Y2HpMhx291BJy44Ig?e=qIBSmM
_zClick aqui para ver el recurso en texto completo
942 _hODO 2023
_iG633
_2ddc
_cTG
999 _c5649
_d5649